000 00302nam a2200121Ia 4500
008 190216s9999||||xx |||||||||||||| ||und||
100 _aTannan Ml
245 0 _aBanking Law And Practice In India
260 _b"Thacker & Company Ltd, Bombay"
_c1977
300 _a540p
650 _aCommerce
942 _cBK
999 _c5114
_d5114